Lyrics raten #35 - Statistiken

Allgemein
  • Dieses Quiz wurde 849 mal gespielt
  • Das Durchschnittsergebnis liegt bei 137 aus 499
Antwortstatistiken
Antwort % Korrekt
ich
98%
"Ich
98%
ich,
98%
Ich
98%
sie
85%
wir
82%
Da
81%
da
81%
"Da
81%
Es
75%
es
75%
Das
72%
das
72%
"Das
72%
die
71%
Die
71%
"...Die
71%
"Die
71%
der
70%
ist
65%
bin
61%
und
61%
"Und
61%
"...und
61%
Und
61%
den
57%
ein
57%
"Ein
57%
liebe
56%
in
55%
wie
55%
so
54%
So
54%
"So
54%
'ne
52%
ne
52%
sei
51%
eine
49%
was
49%
Was
49%
nicht
48%
hab
46%
kann
46%
zu.
43%
dich
42%
im
42%
sind
40%
ja
39%
"Ja
39%
ja,
39%
"Ja,
39%
(Ja
39%
"Bis
38%
uns
36%
wenn
36%
man
35%
auf
34%
haben,
32%
haben
32%
doch
31%
alle.
30%
"Alle
30%
Am
30%
denn?",
30%
hat
30%
"Aber
28%
Aber
28%
aber
28%
Mann,
25%
Mann
25%
noch
25%
bei
24%
dem
24%
viel
24%
Von
24%
von
24%
mal
23%
immer
21%
"Sagen
21%
sagen
21%
sagen"
21%
alles
20%
auch
20%
Leben
20%
Zum
20%
zum
20%
Hier
19%
hier
19%
wird
19%
einem
18%
hätte
18%
Frage
17%
Frage,
17%
eines
16%
Jetzt
16%
heut
15%
über
14%
Diese
13%
sich
13%
aus
12%
wissen
12%
gibt
11%
sehr
10%
viele
10%
ganz
9%
alte
8%
"Also
7%
darf.
7%
"Hören
7%
kommen
7%
Leute
7%
neue
7%
"Dieser
6%
Glück
6%
lange
6%
steht
6%
Strasse"
6%
wurde
6%
etwas
5%
gern
5%
heisst
5%
in's
5%
wirklich
5%
Ach,
4%
Dank.
4%
'gegen.
4%
gerne
4%
junger
4%
sach
4%
stehen
4%
eben
3%
"Gott
3%
jungen
3%
links
3%
mögen
3%
netter
3%
rechts
3%
anderer
2%
echter
2%
gehabt
2%
gehabt,
2%
Gesicht
2%
Haha"
2%
liegen
2%
liegt
2%
merken
2%
Merken
2%
Mund
2%
Sicher,
2%
tragen
2%
Baumeister
1%
Bielefeld
1%
breit
1%
dennoch
1%
Erlangen
1%
Erlangen,
1%
Erlangen"
1%
freundlich
1%
Haare,
1%
Haare
1%
Kirche,
1%
nimmt
1%
sauber..."
1%
Sauerland
1%
Schwimmen,
1%
Seite
1%
sowieso
1%
sprach.
1%
stimmt
1%
stimmt.
1%
Wissenswertes
1%
Wissenswertes,
1%
adrett
0%
aufkriegen..."
0%
"...Ausgesprochen"
0%
Bauten..."
0%
beieinander
0%
besondere
0%
besucht
0%
Bielefelder
0%
durchs
0%
Edelsteinmuseum,
0%
erbaut
0%
Erlangen's
0%
Erlanger?"
0%
Erlanger"
0%
Erlanger
0%
Erlangern
0%
Führer.
0%
Führerin
0%
Führung
0%
gastfreundlich"
0%
gastfreundlich)
0%
gastfreundlichsten
0%
gefächert
0%
Gegenwart
0%
genannt
0%
gepfelgt.
0%
gläubigen
0%
grüssen
0%
Herzlichkeit"
0%
hilfsbereit"
0%
hingen
0%
"Hmhm"
0%
Humor
0%
humorlos"
0%
humorlos,
0%
Idaoberstein.
0%
Idaobersteiner
0%
imposant
0%
Insbesondere
0%
interessant
0%
Isarlohn,
0%
Isarlohner.
0%
"Jaja"
0%
“Jaja
0%
"Jaja,
0%
Jeanshosen
0%
Marktplatz
0%
Marmeladenmuseum
0%
"Martha,
0%
Menschenschlag"
0%
modernen
0%
mundfaul"
0%
Mutterwitz"
0%
"Naja"
0%
Norden
0%
Norden"
0%
Rathaus
0%
religiöse
0%
sauberer"
0%
schrecklich"
0%
Schwarthau.
0%
Schwimmzentrum
0%
Shoppingzentrum
0%
Sonnenbaden
0%
Sonntag's
0%
soviel
0%
Stadtzentrum
0%
Student...
0%
traditionsbewusst"
0%
Treppenhaus
0%
trifft"
0%
Trimmen,
0%
überhaupt
0%
unbekannt
0%
Vergangenheit
0%
Volksmund
0%
waschechter
0%
weithin
0%
Widerlich"
0%
wunderbarer
0%
Zigarettenkippen
0%
zotteligen
0%
Keine übereinstimmenden Quizze gefunden
Verteilung der Resultate
Anzahl Personen mit jedem Resultat
Perzentil nach korrekt beantworteten Fragen
Ihre Resultats-Entwicklung
Sie haben dieses Quiz noch nicht gespielt